00234nam a2200085Ia 4500008004100000082001800041100002100059245004600080300002200126230907s9999||||xx |||||||||||||| ||und|| a306.0973bLAU aLauer, Robert H. 0aSocial problems and the quality of life / axvii, 558 pages :